00478nmm a2200169Ia 4500008004100000020001800041041000800059100002000067245004000087264003900127300001800166490002600184650002300210856005100233942000700284999001700291251105s9999||||xx |||||||||||||||||und|| a9788446047247 aspa aCancela, Ekaitz 0aDespertar del sueño tecnológico a[Madrid, España] :bAkal, c2019 a448 páginas aPensamiento crítico aPhilosophy, Ethics uhttps://public.digitaliapublishing.com/a/60740 cCF c83153d83153